| 000 | 00421nam a2200157 a 4500 | ||
|---|---|---|---|
| 005 | 20140311163010.0 | ||
| 008 | 041203s19uu xx 00 eng d | ||
| 020 | _a0-8868780-6 | ||
| 050 |
_aAY 67.N5 _b.W7 1995 |
||
| 245 | _aThe world almanac and book of facts 1996 / | ||
| 260 |
_aNew Jersey : _bWorld Almanac Books, _c1995. |
||
| 300 |
_a975 p. : _c21 cm. |
||
| 650 | _aAlmanac. | ||
| 942 |
_cBK _2lcc |
||
| 999 |
_c39371 _d39371 |
||